Socialismo y revolución / (Record no. 54318)

MARC details
000 -CABECERA
campo de control de longitud fija 00725nam a2200241 a 4500
005 - FECHA Y HORA DE LA ÚLTIMA TRANSACCIÓN
campo de control 20240925065411.0
008 - ELEMENTOS DE LONGITUD FIJA--INFORMACIÓN GENERAL
campo de control de longitud fija 991125s1983 mx 000 0 spa u
020 ## - NÚMERO INTERNACIONAL NORMALIZADO PARA LIBROS
Número Internacional Estándar del Libro 9682311489
035 ## - NÚMERO DE CONTROL DEL SISTEMA
Número de control de sistema UPN01000054318
049 ## - COLECCIÓN
Colección CG
050 #4 - SIGNATURA TOPOGRÁFICA DE LA BIBLIOTECA DEL CONGRESO
Número de clasificación HX550 R48
Número de documento/Ítem B3.78
100 1# - ASIENTO PRINCIPAL--NOMBRE PERSONAL
Nombre de persona Basso, Lelio
245 10 - MENCIÓN DE TÍTULO
Título Socialismo y revolución /
Mención de responsabilidad, etc. Lelio Basso ; tr. de Eduardo Molina y Vedia
260 ## - PUBLICACIÓN, DISTRIBUCIÓN, ETC.
Lugar de publicación, distribución, etc. México :
Nombre del editor, distribuidor, etc. Siglo XXI,
Fecha de publicación, distribución, etc. 1983
300 ## - DESCRIPCIÓN FÍSICA
Extensión 490 p
440 #0 - MENCIÓN DE SERIE/ASIENTO SECUNDARIO--TÍTULO
Título Biblioteca del pensamiento socialista. Ensayos críticos
650 #4 - ASIENTO SECUNDARIO DE MATERIA - TERMINO TEMATICO
Término de materia o nombre geográfico como elemento de entrada REVOLUCIONES Y SOCIALISMO
9 (RLIN) 14826
650 #4 - ASIENTO SECUNDARIO DE MATERIA - TERMINO TEMATICO
Término de materia o nombre geográfico como elemento de entrada Socialismo
9 (RLIN) 7360
902 ## - ELEMENTOS DE DATOS B LOCAL, LDB (RLIN)
Creó PGV PATRICIA GONGORA VALLE
902 ## - ELEMENTOS DE DATOS B LOCAL, LDB (RLIN)
Creó DMCV DORA MARIA CORTES VILLEGAS
904 ## - ELEMENTOS DE DATOS D LOCAL, LDD (RLIN)
a AC
b 054321
905 ## - TIPO DE MATERIAL
Tipo de material Libro
Holdings
Estado de retiro Estado de pérdida Fuente del sistema de clasificación o colocación Estado dañado No para préstamo Código de colección Localización permanente Ubicación/localización actual Ubicación en estantería Enumeración/cronología de publicación seriada Total de préstamos Clasificación Código de barras Fecha visto por última vez Número de copia Tipo de ítem Koha
    Library of Congress Classification     Colección General Bib. Gregorio Torres Quintero Bib. Gregorio Torres Quintero Planta baja ej.2 - 2 HX550 R48 B3.78 164573 31/12/2020 1 Libro
    Library of Congress Classification     Colección General Bib. Gregorio Torres Quintero Bib. Gregorio Torres Quintero Planta baja ej.3 - 1 HX550 R48 B3.78 164574 31/12/2020 1 Libro
    Library of Congress Classification     Colección General Bib. Gregorio Torres Quintero Bib. Gregorio Torres Quintero Planta baja - 3 HX550 R48 B3.78 164572 31/12/2020 1 Libro